00342nam a2200145 a 4500020001800000041000800018082001400026100001100040245003700051260003600088300000900124500003500133650001700168700001100185 a817992128X  aENG00a200bOSH1 aOsho,  aThe First Principle Talks on ZEN aDelhi bJaico Pub. House c2008 a280p aincludes index and biblioraphy aSpirituality1 aOsho,